000 nam a22 7a 4500
999 _c49307
_d49307
003 OSt
005 20191122104031.0
008 191122b xxu||||| |||| 00| 0 eng d
040 _csero soft
100 _aMAHAJAN, V.D
245 _aANCIENT INDIA
260 _aS.CHAND
_bS.CHAND
300 _a668
942 _2ddc
_c02